| 000 | 00417nam a22001457a 4500 | ||
|---|---|---|---|
| 020 | _qPB. | ||
| 040 | _cFIZZA ISHAQ | ||
| 082 |
_a624.171 _bSUJ |
||
| 100 |
_aCHOKRAB, SUBRATA ROY KUMAR SUJIT. _986083 |
||
| 245 |
_aFUNDAMENTALS OF STRUCTURAL ANALYSIS / _cSUJIT KUMAR ROY KUMAR SUBRATA CHOKRAB. |
||
| 250 | _a5th ED. | ||
| 260 |
_aNEW DEHLI : _c2014. |
||
| 300 | _a1014 P. ; | ||
| 942 |
_2ddc _cBK |
||
| 999 |
_c587240 _d587240 |
||